000
00314 a2200133 4500
001
48688
040
_c
Anchieta - Bela Vista
240
1
0
_a
Branca de neve e os sete anões
_l
por
245
1
0
_a
Branca de neve e os sete anões
300
_a
32
362
0
_a
2009
650
4
_a
Literatura infanto-juvenil
942
_c
BK
999
_c
48688
_d
48688